Les villes françaises entre 50 000 et 150 000 habitants (population municipale) - Statistiques

Statistiques générales
  • Ce quiz a été pris 276 fois
  • Le résultat moyen est 59 sur 106
Statistiques - réponses
Population Ville % Correct
110 733 / Seine-Saint-Denis | 144 642 / La Réunion Saint-Denis
91%
139 384 / Finistère Brest
90%
143 813 / Sarthe Le Mans
90%
117 619 / Moselle Metz
89%
120 605 / Pyrénées-Orientales Perpignan
87%
132 479 / Somme Amiens
86%
106 538 / Calvados Caen
86%
141 365 / Puy-de-Dôme Clermont-Ferrand
86%
104 321 / Meurthe-et-Moselle Nancy
86%
148 543 / Rhône Villeurbanne
85%
111 167 / Haut-Rhin Mulhouse
84%
114 977 / Loiret Orléans
84%
124 401 / Haute-Savoie Annecy
83%
136 125 / Indre-et-Loire Tours
82%
116 690 / Doubs Besançon
81%
134 577 / Haute-Vienne Limoges
81%
110 618 / Seine-Maritime Rouen
81%
142 149 / Bouches-du-Rhône Aix-en-Provence
80%
68 784 / Haut-Rhin Colmar
80%
89 160 / Nord Dunkerque
79%
63 513 / Finistère Quimper
79%
62 150 / Drôme Valence
79%
76 402 / Pas-de-Calais Calais
78%
87 435 / Vienne Poitiers
77%
95 600 / Nord Roubaix
77%
92 209 / Vaucluse Avignon
76%
74 998 / Charente-Maritime La Rochelle
76%
77 489 / Pyrénées-Atlantiques Pau
75%
68 587 / Corse-du-Sud Ajaccio
74%
95 329 / Nord Tourcoing
74%
85 461 / Yvelines Versailles
74%
73 744 / Alpes-Maritimes Cannes
72%
60 750 / Aube Troyes
72%
53 036 / Morbihan Vannes
72%
59 490 / Savoie Chambéry
71%
58 311 / Deux-Sèvres Niort
70%
75 701 / Hérault Béziers
69%
83 651 / Martinique Fort-de-France
69%
57 662 / Morbihan Lorient
69%
93 509 / Hauts-de-Seine Nanterre
69%
66 528 / Cher Bourges
68%
80 959 / Manche Cherbourg-en-Cotentin
68%
116 927 / Hauts-de-Seine Boulogne-Billancourt
67%
91 042 / Val-de-Marne Créteil
67%
50 073 / Mayenne Laval
66%
54 738 / Oise Beauvais
62%
53 699 / Essonne Évry
62%
69 350 / Loire-Atlantique Saint-Nazaire
62%
55 817 / Guyane Cayenne
59%
52 855 / Aude Narbonne
59%
75 731 / Alpes-Maritimes Antibes
58%
58 826 / Tarn-et-Garonne Montauban
56%
108 865 / Val-d'Oise Argenteuil
54%
52 697 / Bouches-du-Rhône Arles
54%
62 979 / Val-d'Oise Cergy
53%
56 502 / Var Hyères
53%
53 162 / Vendée La Roche-sur-Yon
53%
104 634 / La Réunion Saint-Paul
53%
104 748 / Seine-Saint-Denis Montreuil
51%
81 583 / La Réunion Saint-Pierre
51%
55 878 / Aisne Saint-Quentin
51%
50 479 / Seine-Saint-Denis Bobigny
49%
69 301 / Gironde Mérignac
49%
61 514 / Gironde Pessac
48%
80 273 / Seine-Saint-Denis Aubervilliers
47%
57 281 / Mayotte Mamoudzou
47%
62 075 / Hauts-de-Seine Neuilly-sur-Seine
46%
53 511 / Var Fréjus
45%
62 575 / Rhône Vénissieux
44%
53 853 / Maine-et-Loire Cholet
42%
53 526 / Seine-et-Marne Meaux
41%
59 793 / Val-de-Marne Ivry-sur-Seine
40%
65 374 / Hauts-de-Seine Levallois-Perret
39%
64 675 / Var La Seyne-sur-Mer
38%
56 828 / Val-d'Oise Sarcelles
38%
91 188 / Val-de-Marne Vitry-sur-Seine
38%
84 658 / Hauts-de-Seine Courbevoie
37%
84 392 / Hauts-de-Seine Colombes
36%
68 955 / Seine-Saint-Denis Drancy
36%
67 360 / Hauts-de-Seine Issy-les-Moulineaux
36%
76 796 / La Réunion Le Tampon
36%
61 603 / Hauts-de-Seine Antony
35%
86 799 / Hauts-de-Seine Asnières-sur-Seine
35%
50 409 / Alpes-Maritimes Grasse
34%
62 869 / Nord Villeneuve-d'Ascq
34%
82 314 / Seine-Saint-Denis Aulnay-sous-Bois
33%
54 852 / Seine-Saint-Denis Pantin
30%
79 204 / Hauts-de-Seine Rueil-Malmaison
30%
56 001 / Guadeloupe Les Abymes
28%
76 450 / Val-de-Marne Champigny-sur-Marne
26%
75 285 / Val-de-Marne Saint-Maur-des-Fossés
25%
53 074 / Seine-Saint-Denis Bondy
21%
64 619 / Seine-Saint-Denis Noisy-le-Grand
21%
55 900 / La Réunion Saint-André
20%
52 457 / Hauts-de-Seine Clamart
19%
51 747 / Yvelines Sartrouville
18%
57 781 / Val-de-Marne Villejuif
18%
53 708 / Seine-et-Marne Chelles
17%
55 157 / Seine-Saint-Denis Épinay-sur-Seine
17%
54 841 / Val-de-Marne Maisons-Alfort
17%
50 077 / Seine-Saint-Denis Sevran
17%
52 803 / La Réunion Saint-Louis
15%
54 227 / Seine-Saint-Denis Le Blanc-Mesnil
14%
59 783 / Hauts-de-Seine Clichy-la-Garenne
13%
53 272 / Val-de-Marne Fontenay-sous-Bois
11%
Aucun quiz correspondant
Distribution des résultats
% des personnes avec chaque résultat
Percentile par nombre de réponses
Votre historique - résultats
Vous n’avez pas pris ce quiz